000
00287nam a2200109Ia 4500
008
210430s9999 xx 000 0 und d
082
_a
668.9 F8971 P
100
_a
Joel R. Fried
_9
23721
245
_a
Polymer Science and Technology /
_c
Joel R. Fried
300
_a
505
942
_c
BK
_2
ddc
999
_c
563625
_d
563625